Digesto laboral (Registro nro. 7560)

Detalles MARC
000 -LEADER
fixed length control field 00664 a2200193 4500
001 - CONTROL NUMBER
control field 62107
005 - DATE AND TIME OF LATEST TRANSACTION
control field 20260407155914.0
008 - FIXED-LENGTH DATA ELEMENTS--GENERAL INFORMATION
fixed length control field 260407a arg spa d
003 - CONTROL NUMBER IDENTIFIER
control field AR-UNSa-BCEJYS
040 ## - CATALOGING SOURCE
Original cataloging agency AR-UNSa-BCEJYS
Language of cataloging spa
Transcribing agency AR-UNSa-BCEJYS
080 ## - UNIVERSAL DECIMAL CLASSIFICATION NUMBER
Universal Decimal Classification number 349.2(094.5)
Common auxiliary subdivision (Legislación del trabajo (Legislación laboral, contrato de trabajo,procedimiento laboral,riesgo laboral etc.))
041 ## - LANGUAGE CODE
Language code of text/sound track or separate title spa
100 1# - MAIN ENTRY--PERSONAL NAME
Personal name Schuldreich Talleda, Héctor Adolfo
245 10 - TITLE STATEMENT
Title Digesto laboral
Name of part/section of a work Recopilación ordenada de normas legales vigentes
264 #1 - PRODUCTION, PUBLICATION, DISTRIBUTION, MANUFACTURE, AND COPYRIGHT NOTICE
Place of production, publication, distribution, manufacture Buenos Aires :
Name of producer, publisher, distributor, manufacturer ERGON
300 ## - PHYSICAL DESCRIPTION
Extent 2 v.
Dimensions 28 cm.
590 ## - LOCAL NOTE (RLIN)
Local note niveau_biblio:m niveau_hierar:0
942 ## - ADDED ENTRY ELEMENTS (KOHA)
Koha item type
Existencias
Withdrawn status Lost status Damaged status Not for loan Home library Current library Shelving location Date acquired Total checkouts Full call number Barcode Date last seen Price effective from Koha item type
        Biblioteca Prof. Eusebio Cleto del Rey Biblioteca Prof. Eusebio Cleto del Rey   07/04/2026   RJ349.2(094.5) S386 v.1 L25472 07/04/2026 07/04/2026 Libro
        Biblioteca Prof. Eusebio Cleto del Rey Biblioteca Prof. Eusebio Cleto del Rey   07/04/2026   RJ349.2(094.5) S386 v.2 L25473 07/04/2026 07/04/2026 Libro
        Biblioteca Prof. Eusebio Cleto del Rey Biblioteca Prof. Eusebio Cleto del Rey   07/04/2026   RJ349.2(094.5) S386 v.1 L25470 07/04/2026 07/04/2026 Libro
        Biblioteca Prof. Eusebio Cleto del Rey Biblioteca Prof. Eusebio Cleto del Rey   07/04/2026   RJ349.2(094.5) S386 v.2 L25471 07/04/2026 07/04/2026 Libro